[Event "OLNN 1920 Hamburger SK III - Schachfreu"]
[Site "?"]
[Date "2020.01.19"]
[Round "5.8"]
[White "Schumacher, Norbert"]
[Black "Kluenger, Marc"]
[Result "1/2-1/2"]
[WhiteElo "2168"]
[BlackElo "2188"]
[PlyCount "79"]
[EventDate "2020.??.??"]

1. d4 d5 2. c4 dxc4 3. Nf3 Nf6 4. e3 e6 5. Bxc4 c5 6. O-O Nc6 7. Qe2 a6 8. a4
cxd4 9. Rd1 Be7 10. exd4 O-O 11. Nc3 Nb4 12. Ne5 Bd7 13. d5 exd5 14. Nxd5 Nbxd5
15. Bxd5 Nxd5 16. Rxd5 Bg4 17. Qd3 Qxd5 18. Qxd5 Rad8 19. Qxd8 Rxd8 20. Be3 Be6
21. Rc1 Bf6 22. f4 g5 23. g3 gxf4 24. gxf4 Rd5 25. Rc7 b5 26. Ra7 Rd1+ 27. Kf2
Bh4+ 28. Kf3 bxa4 29. Rxa6 Bb3 30. f5 h5 31. Kg2 Kg7 32. Bh6+ Kh7 33. Bf4 Rb1
34. Nf3 Bc4 35. Rh6+ Kg7 36. Nxh4 Rxb2+ 37. Kg3 f6 38. Rg6+ Kf7 39. Bd6 a3 40.
Bxa3 {(=)} 1/2-1/2

[Event "OLNN 1920 Lübecker SV - SC Königsspri"]
[Site "?"]
[Date "2020.01.19"]
[Round "5.1"]
[White "Pfreundt, Jakob"]
[Black "Kalinitschew, Sergey"]
[Result "0-1"]
[WhiteElo "2407"]
[BlackElo "2433"]
[PlyCount "84"]
[EventDate "2020.??.??"]

1. e4 c5 2. Nf3 Nc6 3. d4 cxd4 4. Nxd4 e5 5. Nb5 d6 6. N1c3 a6 7. Na3 b5 8. Nd5
Nf6 9. c4 b4 10. Nc2 Rb8 11. Bg5 Be7 12. Nxe7 Nxe7 13. Bxf6 gxf6 14. Qd2 b3 15.
axb3 Rxb3 16. c5 dxc5 17. Qxd8+ Kxd8 18. Bc4 Rb6 19. O-O-O+ Kc7 20. Rd3 Nc6 21.
Bxf7 Nd4 22. Re1 Bb7 23. Rc3 Kd6 24. Ne3 Rb4 25. Bd5 Rb8 26. Nc4+ Kd7 27. Bxb7
R8xb7 28. Kd2 a5 29. Kd3 a4 30. Ra1 Ke6 31. Ke3 Rd7 32. Rac1 h5 33. Rd3 Nb3 34.
Rcd1 Rd4 35. Nd2 Nxd2 36. R1xd2 Rxe4+ 37. Kf3 Red4 38. Rxd4 cxd4 39. h4 Kf5 40.
Ke2 Rb3 41. f3 Ke6 42. Kf2 Kd5 0-1

[Event "OLNN 1920 Lübecker SV - SC Königsspri"]
[Site "?"]
[Date "2020.01.19"]
[Round "5.2"]
[White "Svane, Frederik"]
[Black "Zimmermann, Julian"]
[Result "1-0"]
[WhiteElo "2420"]
[BlackElo "2292"]
[PlyCount "65"]
[EventDate "2020.??.??"]

1. c4 Nf6 2. Nc3 e5 3. g3 c6 4. Nf3 e4 5. Nd4 b5 6. cxb5 c5 7. Nc2 d5 8. d3
Nbd7 9. Bg2 Bb7 10. O-O a6 11. dxe4 d4 12. Nd5 axb5 13. e3 d3 14. Qxd3 c4 15.
Qc3 Bd6 16. Nd4 Nxd5 17. exd5 Qb6 18. e4 b4 19. Qxc4 Bc5 20. Nb3 Ba6 21. Qc2
Bxf1 22. Bxf1 O-O 23. Nxc5 Qxc5 24. Qd1 Rfc8 25. Bh3 Rd8 26. Be3 Qc4 27. Bd4
Rxa2 28. Rxa2 Qxa2 29. Bxd7 Rxd7 30. Qg4 g6 31. Bf6 Qa7 32. Qf4 Qb6 33. Qe5 1-0

[Event "OLNN 1920 Lübecker SV - SC Königsspri"]
[Site "?"]
[Date "2020.01.19"]
[Round "5.3"]
[White "Rosmann, Ilja"]
[Black "Riess, Alexander"]
[Result "1/2-1/2"]
[WhiteElo "2291"]
[BlackElo "2306"]
[PlyCount "62"]
[EventDate "2020.??.??"]

1. d4 Nf6 2. c4 g6 3. Nf3 Bg7 4. g3 d5 5. cxd5 Nxd5 6. Bg2 Nb6 7. Nc3 Nc6 8. e3
O-O 9. O-O Re8 10. Re1 a5 11. h3 a4 12. Rb1 Ra5 13. Nd2 e5 14. b4 Ra8 15. d5
Ne7 16. e4 c6 17. dxc6 Nxc6 18. Nf1 Nd4 19. Ne3 Bd7 20. Ncd5 Rc8 21. Bb2 h5 22.
Rc1 Rxc1 23. Qxc1 Nxd5 24. exd5 h4 25. g4 Qf6 26. Qd1 Rc8 27. Bxd4 exd4 28. Nc2
Bb5 29. Re4 d3 30. Nd4 Bc4 31. Nc6 Rxc6 1/2-1/2

[Event "OLNN 1920 Lübecker SV - SC Königsspri"]
[Site "?"]
[Date "2020.01.19"]
[Round "5.4"]
[White "Kololli, Martin"]
[Black "Schmidt, Jan-Peter"]
[Result "1/2-1/2"]
[WhiteElo "2340"]
[BlackElo "2256"]
[PlyCount "47"]
[EventDate "2020.??.??"]

1. e4 d6 2. d4 Nf6 3. Bd3 e5 4. c3 d5 5. exd5 Qxd5 6. dxe5 Qxe5+ 7. Ne2 Bc5 8.
O-O O-O 9. Bf4 Qe7 10. Nd2 Nc6 11. Ng3 Bg4 12. Qc2 Nd5 13. Rae1 Qh4 14. Re4
Rae8 15. Rfe1 Re6 16. Nb3 Nxf4 17. Nxc5 Rh6 18. h3 Nxg2 19. hxg4 Nxe1 20. Rxe1
Qh2+ 21. Kf1 Qh3+ 22. Kg1 Qh2+ 23. Kf1 Qh3+ 24. Kg1 1/2-1/2

[Event "OLNN 1920 Lübecker SV - SC Königsspri"]
[Site "?"]
[Date "2020.01.19"]
[Round "5.5"]
[White "Borgmeyer, Max"]
[Black "Kreuzholz, Michael"]
[Result "1/2-1/2"]
[WhiteElo "2185"]
[BlackElo "2338"]
[PlyCount "120"]
[EventDate "2020.??.??"]

1. e4 e6 2. d4 d5 3. Nc3 Nf6 4. e5 Nfd7 5. Nce2 c5 6. f4 Nc6 7. Nf3 Qb6 8. c3
Be7 9. a3 a5 10. g3 O-O 11. Bh3 cxd4 12. cxd4 f6 13. Bxe6+ Kh8 14. Bxd5 fxe5
15. O-O exd4 16. Kg2 Nf6 17. Ba2 Bc5 18. Qd3 g6 19. Nh4 Qc7 20. Ng1 b6 21. Bc4
Bb7 22. Ngf3 Qg7 23. Kg1 Ng4 24. Ng5 Nce5 25. fxe5 Nxe5 26. Ne6 Nxd3 27. Nxg7
Rxf1+ 28. Kxf1 Ne5 29. Ne6 Nxc4 30. Bg5 Kg8 31. Rc1 Ba6 32. Nc7 Ne3+ 33. Kg1
Ra7 34. Ne6 d3 35. Nf3 Nc2+ 36. Nxc5 bxc5 37. Nd2 c4 38. Ne4 Nd4 39. Nf6+ Kg7
40. Rf1 Ne2+ 41. Kg2 Bb7+ 42. Kh3 Bc6 43. Ng4 h5 44. Ne5 Bd5 45. Rf6 Be4 46.
Rd6 Ng1+ 47. Kh4 Nf3+ 48. Nxf3 Bxf3 49. Bf6+ Kf7 50. Bc3 Be4 51. Rd4 Bf5 52.
Rxc4 Rd7 53. Bd2 Rb7 54. b4 axb4 55. axb4 Re7 56. h3 Re2 57. Bf4 Rh2 58. g4 d2
59. Rd4 Rxh3+ 60. Kxh3 Bxg4+ 1/2-1/2

[Event "OLNN 1920 Lübecker SV - SC Königsspri"]
[Site "?"]
[Date "2020.01.19"]
[Round "5.6"]
[White "Christ, Ralf"]
[Black "Wagner, Friedrich"]
[Result "1/2-1/2"]
[WhiteElo "2258"]
[BlackElo "2146"]
[PlyCount "37"]
[EventDate "2020.??.??"]

1. Nf3 d5 2. d4 c6 3. c4 Nf6 4. cxd5 cxd5 5. Nc3 Nc6 6. Bf4 a6 7. e3 Bg4 8. Be2
e6 9. Qb3 Na5 10. Qa4+ Nd7 11. Rc1 Nc6 12. Ne5 Ndxe5 13. Bxe5 Bxe2 14. Kxe2 f6
15. Bg3 Bd6 16. Qd1 O-O 17. Na4 Rc8 18. Qb3 Rf7 19. Qb6 1/2-1/2

[Event "OLNN 1920 Lübecker SV - SC Königsspri"]
[Site "?"]
[Date "2020.01.19"]
[Round "5.7"]
[White "Langmann, Markus"]
[Black "Ehrke, Michael"]
[Result "1-0"]
[WhiteElo "2078"]
[BlackElo "2253"]
[PlyCount "81"]
[EventDate "2020.??.??"]

1. e4 d5 2. exd5 Qxd5 3. Nc3 Qa5 4. d4 c6 5. Bc4 Nf6 6. Nf3 Bf5 7. Bd2 Nbd7 8.
Qe2 Qc7 9. Bb3 e6 10. Nh4 Bg6 11. O-O-O O-O-O 12. Nxg6 hxg6 13. h4 Nb6 14. Bg5
Be7 15. Ne4 Nxe4 16. Qxe4 Bxg5+ 17. hxg5 Nd5 18. g3 Ne7 19. c3 Nf5 20. g4 Ne7
21. f4 Rxh1 22. Rxh1 c5 23. Rd1 c4 24. Bc2 Nd5 25. Rf1 Rh8 26. f5 gxf5 27. gxf5
Qe7 28. fxe6 Qxg5+ 29. Kb1 f6 30. e7 Re8 31. Qe6+ Kc7 32. Bf5 Qg2 33. Qd7+ Kb6
34. Qd6+ Ka5 35. Qa3+ Kb6 36. Qc5+ Ka6 37. Qxc4+ b5 38. Qc6+ Nb6 39. Bd3 Rxe7
40. Bxb5+ Ka5 41. b4# 1-0

[Event "OLNN 1920 Lübecker SV - SC Königsspri"]
[Site "?"]
[Date "2020.01.19"]
[Round "5.8"]
[White "Lampe, Dirk"]
[Black "Harder, Clemens"]
[Result "0-1"]
[WhiteElo "2166"]
[BlackElo "2152"]
[PlyCount "96"]
[EventDate "2020.??.??"]

1. e4 e5 2. Nf3 Nc6 3. Bb5 a6 4. Ba4 d6 5. O-O Bd7 6. d4 exd4 7. Bxc6 Bxc6 8.
Nxd4 Qd7 9. c4 Be7 10. Nc3 Bf6 11. Be3 Ne7 12. Qc2 O-O 13. Rfd1 Bxd4 14. Bxd4
Qe6 15. Nd5 Rac8 16. Rd3 Ng6 17. Qc3 f6 18. Re1 Qf7 19. Qd2 Rce8 20. b3 Qd7 21.
Nc3 f5 22. Rde3 f4 23. Rf3 Qg4 24. h3 Qg5 25. Nd5 Bxd5 26. cxd5 Rf7 27. Rc3 c5
28. dxc6 bxc6 29. f3 c5 30. Bf2 Re6 31. Kf1 Ne5 32. g4 Qe7 33. Qd5 Rf8 34. Kg2
g5 35. Rec1 Rb8 36. Rh1 h6 37. h4 Kg7 38. Rh3 Rg6 39. Rc1 Qf7 40. Bxc5 Qxd5 41.
exd5 dxc5 42. Rxc5 Rd6 43. Rh1 Rb5 44. Rc7+ Rd7 45. Rxd7+ Nxd7 46. Rd1 Kg6 47.
hxg5 hxg5 48. Rh1 Ne5 0-1

[Event "OLNN 1920 SV Diagonale Harburg - SF Sch"]
[Site "?"]
[Date "2020.01.19"]
[Round "5.1"]
[White "Kesten, Sebastian"]
[Black "Kuberczyk, Christoph"]
[Result "0-1"]
[WhiteElo "2301"]
[BlackElo "2313"]
[PlyCount "84"]
[EventDate "2020.??.??"]

1. c4 g6 2. g3 Bg7 3. Bg2 c5 4. Nc3 Nc6 5. e4 d6 6. d3 a6 7. Nge2 Rb8 8. Be3 b5
9. cxb5 axb5 10. d4 b4 11. Na4 cxd4 12. Nxd4 Bd7 13. Nxc6 Bxc6 14. Rc1 Bb5 15.
Bd4 Nf6 16. e5 Nd7 17. e6 Ne5 18. Bxe5 Bxe5 19. exf7+ Kf8 20. b3 Qd7 21. Bd5
Qh3 22. Qf3 Kg7 23. Qg2 Qh6 24. f4 Rhc8 25. Rd1 Bf6 26. Qe4 Kf8 27. Kf2 Rc7 28.
Be6 Bc6 29. Bd5 Bd7 30. Rd2 Bf5 31. Qe2 Qg7 32. Kg2 g5 33. Rf1 Qh6 34. g4 Bd7
35. f5 Be5 36. h3 Bb5 37. Bc4 Rxc4 38. bxc4 Bxa4 39. Qd3 Bc6+ 40. Kg1 Qf6 41.
Re2 Ra8 42. Rfe1 Ra3 0-1

[Event "OLNN 1920 SV Diagonale Harburg - SF Sch"]
[Site "?"]
[Date "2020.01.19"]
[Round "5.2"]
[White "Fries-Nielsen, Niels Jorgen"]
[Black "Schulz, Karsten"]
[Result "1/2-1/2"]
[WhiteElo "2306"]
[BlackElo "2268"]
[PlyCount "48"]
[EventDate "2020.??.??"]

1. Nf3 Nf6 2. g3 d6 3. Bg2 e5 4. d3 Be7 5. O-O O-O 6. c3 Nbd7 7. e4 c6 8. a4
Qc7 9. Re1 Re8 10. h3 Bf8 11. a5 d5 12. b4 a6 13. Qb3 g6 14. Na3 Bg7 15. Bd2
Nf8 16. Be3 Be6 17. Ng5 d4 18. Nxe6 Nxe6 19. cxd4 Nxd4 20. Bxd4 exd4 21. Nc4
Rad8 22. Rab1 Re7 23. Qc2 Ne8 24. f4 Nd6 1/2-1/2

[Event "OLNN 1920 SV Diagonale Harburg - SF Sch"]
[Site "?"]
[Date "2020.01.19"]
[Round "5.3"]
[White "De Jong, Migchiel"]
[Black "Wasmuth, Matthias"]
[Result "1-0"]
[WhiteElo "2329"]
[BlackElo "2163"]
[PlyCount "83"]
[EventDate "2020.??.??"]

1. Nf3 c5 2. c4 Nc6 3. d4 cxd4 4. Nxd4 Nxd4 5. Qxd4 d6 6. Nc3 Nf6 7. Bg5 e5 8.
Qd2 Be7 9. g3 Be6 10. b3 h6 11. Bxf6 Bxf6 12. Bg2 Qb6 13. O-O O-O 14. Rad1 Rad8
15. Nd5 Bxd5 16. Qxd5 Qa6 17. Rd2 b6 18. Rfd1 Qc8 19. h4 Be7 20. a4 a5 21. Rb1
Qc7 22. b4 Ra8 23. Qd3 Ra7 24. Bd5 Bf6 25. Qe4 Rb8 26. Rdb2 Bd8 27. Rb3 axb4
28. Rf3 Bf6 29. Rxb4 Qc5 30. Qb1 Kh8 31. Rfb3 Bd8 32. Rb5 Qd4 33. a5 e4 34. e3
Qd2 35. Qxe4 Bf6 36. Rxb6 Rd8 37. a6 Re7 38. Qd3 Qe1+ 39. Kg2 Ra7 40. Rb8 Qa5
41. Rxd8+ Bxd8 42. Bb7 1-0

[Event "OLNN 1920 SV Diagonale Harburg - SF Sch"]
[Site "?"]
[Date "2020.01.19"]
[Round "5.4"]
[White "Guindy, Esmat Susanne"]
[Black "Reichmann, Hendrik"]
[Result "1/2-1/2"]
[WhiteElo "2133"]
[BlackElo "2345"]
[PlyCount "144"]
[EventDate "2020.??.??"]

1. d4 d6 2. c4 g6 3. g3 Bg7 4. Bg2 Nf6 5. Nf3 O-O 6. O-O c6 7. Nc3 Qa5 8. e4
Nbd7 9. h3 e5 10. Be3 Re8 11. a3 Qa6 12. b3 b5 13. cxb5 cxb5 14. Qe2 Rb8 15. b4
Qb7 16. d5 a6 17. Nd2 Nb6 18. Rfc1 Bd7 19. Nd1 Rec8 20. Nb2 Na4 21. Nxa4 bxa4
22. Nc4 Bb5 23. Qa2 Qd7 24. Na5 Rxc1+ 25. Rxc1 Rc8 26. Qd2 Ne8 27. Rc3 f5 28.
f3 Rxc3 29. Qxc3 f4 30. Bf2 fxg3 31. Bxg3 Bh6 32. Nc6 Nf6 33. Bh4 Nh5 34. Ne7+
Kf7 35. Qc8 Bf8 36. Qxd7 Bxd7 37. Nc6 Bh6 38. Bf1 Bc8 39. b5 axb5 40. Bxb5 Bc1
41. Nd8+ Kf8 42. Ne6+ Bxe6 43. dxe6 g5 44. Be1 Bxa3 45. Bxa4 Bc1 46. Kh2 Nf4
47. Ba5 Ke7 48. Kg3 Be3 49. Bb5 Nxe6 50. Bc4 Ng7 51. h4 Nh5+ 52. Kg4 Nf6+ 53.
Kf5 gxh4 54. Bf1 Nh5 55. Kg4 Ng3 56. Bh3 Bf2 57. Bd2 Kf6 58. Bg2 h5+ 59. Kh3
Ne2 60. Kh2 Bg3+ 61. Kh1 Nd4 62. Bb4 Ke7 63. Bd2 Bf4 64. Be1 h3 65. Bxh3 Nxf3
66. Bb4 Ng5 67. Bf5 h4 68. Be1 Bg3 69. Bd2 Kf6 70. Bxg5+ Kxg5 71. Be6 Kf4 72.
Bd5 h3 1/2-1/2

[Event "OLNN 1920 SV Diagonale Harburg - SF Sch"]
[Site "?"]
[Date "2020.01.19"]
[Round "5.5"]
[White "Wolf, Christoph"]
[Black "Martin-Sommerfeldt, Luis"]
[Result "1/2-1/2"]
[WhiteElo "2217"]
[BlackElo "2011"]
[PlyCount "35"]
[EventDate "2020.??.??"]

1. e4 g6 2. Nc3 Bg7 3. f4 d6 4. Nf3 a6 5. a4 c5 6. Bc4 Nc6 7. O-O e6 8. d3 Nge7
9. Qe1 O-O 10. Qh4 Nd4 11. f5 gxf5 12. Bg5 f6 13. Bd2 Ng6 14. Qh5 fxe4 15. dxe4
Ne5 16. Nxe5 dxe5 17. Rad1 Qe8 18. Qxe8 1/2-1/2

[Event "OLNN 1920 SV Diagonale Harburg - SF Sch"]
[Site "?"]
[Date "2020.01.19"]
[Round "5.6"]
[White "Becker, Martin"]
[Black "Westphal, Wolfgang"]
[Result "1/2-1/2"]
[WhiteElo "1913"]
[BlackElo "2151"]
[PlyCount "59"]
[EventDate "2020.??.??"]

1. e4 c5 2. Nf3 Nc6 3. d4 cxd4 4. Nxd4 e5 5. Nb5 a6 6. Nd6+ Bxd6 7. Qxd6 Qf6 8.
Qd1 Qg6 9. Nc3 d5 10. f3 Nge7 11. Nxd5 Nxd5 12. Qxd5 Be6 13. Qd2 Rd8 14. Qf2 f5
15. exf5 Bxf5 16. c3 O-O 17. Bc4+ Be6 18. Bxe6+ Qxe6 19. O-O Qg6 20. Qe2 Rd3
21. Be3 Rfd8 22. Rad1 h6 23. Rxd3 Rxd3 24. Bc1 Qd6 25. f4 Qd5 26. fxe5 Nxe5 27.
Re1 Ng6 28. a3 Kh7 29. Qf2 Qb3 30. Qe2 1/2-1/2

[Event "OLNN 1920 SV Diagonale Harburg - SF Sch"]
[Site "?"]
[Date "2020.01.19"]
[Round "5.8"]
[White "Easwaralingam, Adesh"]
[Black "Kunze, Kerstin"]
[Result "1/2-1/2"]
[WhiteElo "2087"]
[BlackElo "2034"]
[PlyCount "41"]
[EventDate "2020.??.??"]

1. e4 c5 2. Nf3 Nc6 3. Bb5 g6 4. Bxc6 dxc6 5. d3 Bg7 6. h3 Nh6 7. a4 b6 8. Na3
f6 9. Qe2 e5 10. Nh2 Qe7 11. f4 Nf7 12. Nf3 exf4 13. Bxf4 f5 14. O-O-O fxe4 15.
Qxe4 Qxe4 16. dxe4 Be6 17. Ng5 Nxg5 18. Bxg5 O-O 19. Rd6 Rfe8 20. Rhd1 Rac8 21.
Rf1 1/2-1/2

[Event "OLNN 1920 Preetzer TSV - SK Norderstedt"]
[Site "?"]
[Date "2020.01.19"]
[Round "5.1"]
[White "Olszewski, Michal"]
[Black "Pedersen, Steffen"]
[Result "1/2-1/2"]
[WhiteElo "2554"]
[BlackElo "2309"]
[PlyCount "124"]
[EventDate "2020.??.??"]

1. Nf3 Nf6 2. c4 e6 3. d4 d5 4. Nc3 Bb4 5. cxd5 exd5 6. Bf4 O-O 7. Rc1 c6 8. e3
Bf5 9. Qb3 Qb6 10. Be2 Ne4 11. O-O Be7 12. Nxe4 Qxb3 13. axb3 Bxe4 14. Ne5 f6
15. Nd3 Nd7 16. g4 Rfe8 17. h4 Bg6 18. h5 Bf7 19. b4 Rac8 20. Rc3 a6 21. Nc5
Nxc5 22. bxc5 Bd8 23. Rb3 Bc7 24. Bd6 Bxd6 25. cxd6 Rb8 26. Rb6 Be6 27. Ra1
Red8 28. Ra3 Rxd6 29. Raxa6 Rbd8 30. Ra7 Bc8 31. Kg2 Kf8 32. Kg3 g6 33. hxg6
hxg6 34. Bd3 Kf7 35. Ba6 R8d7 36. Bxb7 Rc7 37. b4 Ke7 38. b5 cxb5 39. Rxd6 Kxd6
40. Ra6+ Ke7 41. Bxc8 Rxc8 42. Rb6 Rc1 43. Rxb5 Rg1+ 44. Kf4 Ke6 45. Rb6+ Ke7
46. f3 Rg2 47. e4 dxe4 48. Kxe4 Rf2 49. Ke3 Rf1 50. Ra6 Rd1 51. Ke4 Rf1 52. Ra3
Kd6 53. Ra6+ Ke7 54. Rb6 Rf2 55. d5 Re2+ 56. Kd3 Re1 57. Rb7+ Kd6 58. Rf7 f5
59. gxf5 g5 60. f6 Re5 61. Rf8 Rxd5+ 62. Ke3 Ke6 1/2-1/2

[Event "OLNN 1920 Preetzer TSV - SK Norderstedt"]
[Site "?"]
[Date "2020.01.19"]
[Round "5.2"]
[White "Dyrgaard, Kristoffer"]
[Black "Ostrovskiy, Andrey"]
[Result "0-1"]
[WhiteElo "2280"]
[BlackElo "2421"]
[PlyCount "122"]
[EventDate "2020.??.??"]

1. e4 e5 2. Nf3 Nc6 3. Bb5 a6 4. Ba4 Nf6 5. O-O Be7 6. d3 b5 7. Bb3 d6 8. c3
O-O 9. Nbd2 h6 10. Re1 Re8 11. Nf1 Bf8 12. h3 Bd7 13. Ng3 Na5 14. Bc2 c5 15. d4
Nc6 16. d5 Ne7 17. a4 Ng6 18. b3 Nf4 19. Bxf4 exf4 20. Nf1 Qc7 21. axb5 Bxb5
22. c4 Bd7 23. Qd2 g5 24. Qa5 Qb8 25. N1d2 Bg7 26. Rab1 Nh7 27. e5 dxe5 28. b4
cxb4 29. Rxb4 Qd8 30. Qxd8 Raxd8 31. c5 Nf6 32. d6 Rc8 33. Rxe5 Rxe5 34. Nxe5
Rxc5 35. Nxd7 Nxd7 36. Rc4 Bc3 37. Rxc5 Nxc5 38. Nb3 Nb7 39. d7 Nd8 40. Nc5 a5
41. Be4 Kf8 42. Nb7 Ke7 43. Nxd8 Kxd8 44. Bc6 Kc7 45. Kf1 Bf6 46. Ba4 Kd6 47.
Ke2 Bd8 48. Kd3 Kc5 49. Bb3 f6 50. f3 Kb4 51. Bf7 a4 52. Kd4 Bb6+ 53. Kd3 a3
54. Ba2 Kc5 55. Ke4 Kd6 56. Kf5 Bd8 57. Kg6 Kxd7 58. Kxh6 Kd6 59. Kh5 Kc5 60.
h4 gxh4 61. Kxh4 Bc7 0-1

[Event "OLNN 1920 Preetzer TSV - SK Norderstedt"]
[Site "?"]
[Date "2020.01.19"]
[Round "5.3"]
[White "Kopylov, Michael"]
[Black "Reinecker, Kai"]
[Result "1/2-1/2"]
[WhiteElo "2410"]
[BlackElo "2278"]
[PlyCount "29"]
[EventDate "2020.??.??"]

1. d4 Nf6 2. c4 e6 3. g3 d5 4. Bg2 Be7 5. Nf3 O-O 6. O-O Nbd7 7. Nbd2 b6 8.
cxd5 exd5 9. Ne5 Bb7 10. Ndf3 c5 11. Bf4 Ne4 12. Qa4 Nxe5 13. Nxe5 Qe8 14. Qxe8
Rfxe8 15. Bxe4 1/2-1/2

[Event "OLNN 1920 Preetzer TSV - SK Norderstedt"]
[Site "?"]
[Date "2020.01.19"]
[Round "5.4"]
[White "Schwarz, Frank"]
[Black "Trent, Lawrence"]
[Result "0-1"]
[WhiteElo "2235"]
[BlackElo "2383"]
[PlyCount "110"]
[EventDate "2020.??.??"]

1. d4 g6 2. Nf3 Bg7 3. e3 Nf6 4. Be2 O-O 5. O-O d6 6. b3 b6 7. Bb2 Bb7 8. Nbd2
Nbd7 9. c4 e6 10. Qc2 c5 11. Rad1 Qc7 12. e4 cxd4 13. Nxd4 Rac8 14. Qb1 a6 15.
Rfe1 Rfe8 16. Bf1 Nc5 17. f3 d5 18. e5 Nh5 19. Nc2 Nf4 20. Re3 g5 21. Nb4 a5
22. Nc2 Nd7 23. Qa1 b5 24. Rde1 bxc4 25. bxc4 Ba6 26. g3 Ng6 27. Na3 Qb7 28.
Nb5 Bxb5 29. cxb5 a4 30. Qd1 Qa7 31. Kh1 Bf8 32. Rd3 a3 33. Ba1 Qc7 34. f4 Qc2
35. Qg4 Qxa2 36. Nf3 Rc2 37. Bd4 Rb2 38. Bxb2 axb2 39. Rdd1 Bb4 40. Bd3 Bxe1
41. Rxe1 Qb3 42. Bb1 Rc8 43. f5 Rc4 44. Qh5 exf5 45. Nxg5 Ndf8 46. Nxh7 Nxh7
47. e6 Rc1 48. Qe2 Rxe1+ 49. Qxe1 Qf3+ 50. Kg1 Ng5 51. exf7+ Kxf7 52. h4 Nh3+
53. Kh2 Nf2 54. b6 Ne5 55. Bxf5 Qxf5 0-1

[Event "OLNN 1920 Preetzer TSV - SK Norderstedt"]
[Site "?"]
[Date "2020.01.19"]
[Round "5.5"]
[White "Powierski, Emil"]
[Black "Light, Bjarne"]
[Result "1-0"]
[WhiteElo "2305"]
[BlackElo "2234"]
[PlyCount "79"]
[EventDate "2020.??.??"]

1. e4 c5 2. Nf3 Nc6 3. c3 d5 4. exd5 Qxd5 5. d4 e6 6. Be3 cxd4 7. cxd4 Nf6 8.
Nc3 Qd6 9. a3 Be7 10. g3 O-O 11. Bg2 Nd5 12. O-O b6 13. Rc1 Bb7 14. Nxd5 exd5
15. b4 Bf6 16. Bf4 Qd7 17. Ne5 Nxe5 18. dxe5 Bd8 19. Qh5 a5 20. Rfe1 d4 21.
Bxb7 Qxb7 22. Rcd1 axb4 23. axb4 Qd5 24. Be3 d3 25. Qg4 Re8 26. Bd4 Ra4 27. e6
f6 28. Bc3 Be7 29. Re3 Qb5 30. Rdxd3 g6 31. Rd7 Qf5 32. Qd1 Ra2 33. Be1 Bxb4
34. Qb3 Bxe1 35. Qxa2 Bb4 36. Qa7 g5 37. Rg7+ Kh8 38. Kg2 g4 39. Qd7 Bf8 40.
Qxe8 1-0

[Event "OLNN 1920 Preetzer TSV - SK Norderstedt"]
[Site "?"]
[Date "2020.01.19"]
[Round "5.6"]
[White "Schwarzat, Julian"]
[Black "Hagenstein, Frank"]
[Result "1-0"]
[WhiteElo "2109"]
[BlackElo "2248"]
[PlyCount "133"]
[EventDate "2020.??.??"]

1. e4 d6 2. Nf3 Nf6 3. d3 g6 4. g3 Bg7 5. Bg2 c5 6. O-O Nc6 7. Re1 O-O 8. c3 e5
9. a3 a5 10. a4 Re8 11. Na3 h6 12. Nb5 Na7 13. Be3 Nxb5 14. axb5 Bd7 15. c4 b6
16. Nd2 Ng4 17. Nb1 Nxe3 18. fxe3 h5 19. Nc3 Be6 20. Qf3 Ra7 21. Na4 Rb7 22.
Qf1 h4 23. gxh4 Qxh4 24. Qf2 Qg5 25. Rf1 Kh7 26. Qg3 Qh6 27. Rf3 Bf8 28. Kh1
Be7 29. Bh3 Bh4 30. Qg2 Kg8 31. Rg1 Bd8 32. Bxe6 Rxe6 33. Rh3 Qg7 34. Nc3 Ra7
35. Nd5 Qf8 36. Rf3 Qh6 37. Qg4 Rb7 38. Rh3 Qg7 39. Rhg3 Qh6 40. Qxe6 fxe6 41.
Rxg6+ Kh7 42. Rxh6+ Kxh6 43. Nc3 Rf7 44. Kg2 Bh4 45. Rf1 Rg7+ 46. Kh3 Bg5 47.
Rf3 Kh5 48. Na4 Rb7 49. Kg2 Bh4 50. Rf8 Kg6 51. Rg8+ Kh5 52. Rh8+ Kg5 53. Rf8
Kg6 54. h3 Kg7 55. Re8 Kf7 56. Rh8 Bf6 57. Rc8 Bh4 58. Rc6 Kf6 59. Rxb6 Rg7+
60. Kf1 Rg3 61. Ke2 Rg2+ 62. Kd1 Bg5 63. Rxd6 Ke7 64. Rc6 Bxe3 65. b6 Rd2+ 66.
Ke1 Rxd3 67. b7 1-0

[Event "OLNN 1920 Preetzer TSV - SK Norderstedt"]
[Site "?"]
[Date "2020.01.19"]
[Round "5.7"]
[White "Zierke, Oliver"]
[Black "Kornrumpf, Joachim"]
[Result "1-0"]
[WhiteElo "2224"]
[BlackElo "2090"]
[PlyCount "63"]
[EventDate "2020.??.??"]

1. d4 Nf6 2. Nf3 e6 3. Bg5 Be7 4. Nbd2 c5 5. e3 cxd4 6. exd4 a6 7. Bd3 d6 8.
O-O O-O 9. Re1 Nbd7 10. c3 b6 11. Qe2 Bb7 12. a4 Re8 13. Nc4 Qc7 14. Bf4 Bf8
15. h3 g6 16. Bh2 Qc6 17. Nh4 Rad8 18. f4 Qc7 19. Nd2 Qc8 20. Nhf3 Qa8 21. Ng5
Nd5 22. Qf2 N7f6 23. Re2 Bc6 24. Qh4 Bg7 25. Nge4 Nh5 26. Nc4 Bf8 27. f5 exf5
28. Nexd6 Rxe2 29. Bxe2 Ndf6 30. Nxb6 Qa7 31. Ndc4 Ne4 32. Qxd8 1-0

[Event "OLNN 1920 Preetzer TSV - SK Norderstedt"]
[Site "?"]
[Date "2020.01.19"]
[Round "5.8"]
[White "Dittmann, Hans-Adolf"]
[Black "Bohnsack, Ralf"]
[Result "1/2-1/2"]
[WhiteElo "2078"]
[BlackElo "2158"]
[PlyCount "32"]
[EventDate "2020.??.??"]

1. e4 c5 2. Nf3 Nc6 3. d4 cxd4 4. Nxd4 e5 5. Nxc6 bxc6 6. Bd3 Nf6 7. O-O Be7 8.
Nd2 O-O 9. Nc4 d6 10. Qe2 Bg4 11. f3 Be6 12. Kh1 Nd7 13. f4 exf4 14. Bxf4 d5
15. Ne5 Nxe5 16. Bxe5 Bd6 1/2-1/2

[Event "OLNN 1920 SK Doppelbauer Kiel - SC Diog"]
[Site "?"]
[Date "2020.01.19"]
[Round "5.1"]
[White "Hochgraefe, Markus"]
[Black "Arndt, Magnus"]
[Result "1/2-1/2"]
[WhiteElo "2415"]
[BlackElo "2291"]
[PlyCount "194"]
[EventDate "2020.??.??"]

1. Nf3 Nf6 2. c4 e6 3. g3 d5 4. Bg2 Be7 5. d4 O-O 6. Nc3 dxc4 7. Ne5 c5 8. dxc5
Qxd1+ 9. Nxd1 Bxc5 10. Nc3 Rd8 11. Nxc4 Nc6 12. O-O Nd5 13. Bd2 Nb6 14. Nxb6
Bxb6 15. Rfd1 Bd7 16. Na4 Bd4 17. e3 Bf6 18. Nc5 Rab8 19. Nxd7 Rxd7 20. Bc3
Rxd1+ 21. Rxd1 Bxc3 22. bxc3 Rd8 23. Rb1 Na5 24. Bxb7 Rd2 25. a4 g6 26. Ba6 Ra2
27. Rb8+ Kg7 28. Bb5 a6 29. Be8 Ra3 30. Ra8 Rxc3 31. Ra7 Kf8 32. Bd7 Rd3 33.
Rxa6 Rxd7 34. Rxa5 h5 35. Rb5 Rd1+ 36. Kg2 Ra1 37. a5 Ra4 38. h3 Kg7 39. f4
Ra2+ 40. Kf3 Kf6 41. g4 Kg7 42. gxh5 gxh5 43. Rg5+ Kh6 44. Re5 Kg6 45. Kg3 f6
46. Rxe6 Rxa5 47. e4 Ra3+ 48. Kh4 Rf3 49. f5+ Kg7 50. Ra6 Re3 51. Ra7+ Kh6 52.
Re7 Rf3 53. Re8 Kg7 54. Re6 Re3 55. Rb6 Rf3 56. Kxh5 Rxh3+ 57. Kg4 Rh1 58. Rb7+
Kf8 59. Rc7 Re1 60. Kf3 Ke8 61. Rc6 Kf7 62. Re6 Ra1 63. Ke2 Ra4 64. Ke3 Ra1 65.
Rc6 Ke7 66. Rc7+ Ke8 67. Ke2 Rg1 68. Kf2 Ra1 69. Rc6 Kf7 70. Ke3 Ra7 71. Rc5
Ke7 72. Kf4 Ra4 73. Rc7+ Kf8 74. Kg4 Rxe4+ 75. Kh5 Ra4 76. Kg6 Ra1 77. Rc6 Ke7
78. Re6+ Kf8 79. Rxf6+ Kg8 80. Rb6 Rg1+ 81. Kf6 Ra1 82. Rb8+ Kh7 83. Re8 Ra5
84. Re7+ Kh6 85. Re5 Ra6+ 86. Kf7 Ra7+ 87. Re7 Ra8 88. Rd7 Kg5 89. f6 Kh6 90.
Rd1 Ra7+ 91. Ke6 Ra6+ 92. Rd6 Ra8 93. Rd7 Kg6 94. Ke7 Kh7 95. Kf7 Kh6 96. Re7
Kh7 97. Rd7 Kh6 1/2-1/2

[Event "OLNN 1920 SK Doppelbauer Kiel - SC Diog"]
[Site "?"]
[Date "2020.01.19"]
[Round "5.2"]
[White "Beeck, Mats"]
[Black "Schulenburg, Fabian"]
[Result "1-0"]
[WhiteElo "2099"]
[BlackElo "2288"]
[PlyCount "89"]
[EventDate "2020.??.??"]

1. e4 d5 2. exd5 Qxd5 3. Nc3 Qa5 4. d4 Nf6 5. Bc4 Nc6 6. Nge2 Be6 7. Bxe6 fxe6
8. Be3 O-O-O 9. a3 Nxd4 10. Nxd4 e5 11. b4 Qa6 12. Nce2 exd4 13. Bf4 Rd5 14.
O-O e5 15. Bg3 g5 16. Re1 Bg7 17. Qc1 h6 18. c4 Rdd8 19. Bxe5 Rhe8 20. b5 Qa5
21. Nxd4 Rxe5 22. Rxe5 Rxd4 23. Re7 Bh8 24. Qe3 Qd2 25. Qe6+ Kb8 26. h3 Ne4 27.
Re8+ Rd8 28. Rxd8+ Qxd8 29. Re1 Nf6 30. a4 b6 31. Qc6 Bg7 32. Re6 Nd7 33. c5
Ne5 34. Qe8 Qxe8 35. Rxe8+ Kb7 36. Re7 bxc5 37. Rxg7 c4 38. Kf1 Kb6 39. Ke2 c3
40. Kd1 Ka5 41. Rxc7 Kxa4 42. Rxa7+ Kxb5 43. Kc2 Nc6 44. Rb7+ Kc4 45. Rc7 1-0